| 000 | 01080nam0a22002891 4500 | ||
|---|---|---|---|
| 001 | rc\3449333 | ||
| 005 | 20250610005342.0 | ||
| 021 |
_aRU _b[71-80579] |
||
| 035 | _a(NLR Aleph) 007594022 | ||
| 090 |
_a5642990 _c5642990 |
||
| 100 | _a20130115d1971 |||y0rusy50 ca | ||
| 101 | 0 | _arus | |
| 102 | _aRU | ||
| 105 | _aa z ||||| | ||
| 200 | 1 |
_aИспытания кабелей и проводов _e[Учеб. пособие для техникумов] |
|
| 210 |
_aМосква _cЭнергия _d1971 |
||
| 215 |
_a272 с. _cил. _d20 |
||
| 320 | _aСписок лит.: с. 266-267 (26 назв.) | ||
| 606 |
_aЭлектрические провода _xИспытание _jУчебники и пособия _2psbo |
||
| 606 |
_aКабели _xИспытание _jУчебники и пособия _2psbo |
||
| 700 | 1 |
_aГородецкий _bС.С. _gСергей Сергеевич |
|
| 701 | 1 |
_aЛакерник _bР.М. _gРафаил Моисеевич |
|
| 801 | 0 |
_aRU _bNLR _gpsbo |
|
| 801 | 1 |
_aRU _bELAR _2rusmarc |
|
| 852 |
_aNLR _j71-3/7274 |
||
| 942 | _cBOOK | ||
| 980 | _aNB | ||